LEADER 03203nam 2200757 a 450 001 9910457975203321 005 20200520144314.0 010 $a1-4462-3563-7 010 $a0-7619-5517-8 010 $a1-282-62300-1 010 $a9786612623004 010 $a0-85702-618-6 035 $a(CKB)2560000000011450 035 $a(EBL)537830 035 $a(OCoLC)638860846 035 $a(SSID)ssj0000427125 035 $a(PQKBManifestationID)12139349 035 $a(PQKBTitleCode)TC0000427125 035 $a(PQKBWorkID)10391162 035 $a(PQKB)10962267 035 $a(MiAaPQ)EBC537830 035 $a(OCoLC)649064634 035 $a(StDuBDS)EDZ0000063861 035 $a(Au-PeEL)EBL537830 035 $a(CaPaEBR)ebr10392724 035 $a(CaONFJC)MIL262300 035 $a(EXLCZ)992560000000011450 100 $a20120326d1999 fy 0 101 0 $aeng 135 $aur|n|---||||| 181 $ctxt 182 $cc 183 $acr 200 00$aResisting McDonaldization$b[electronic resource] /$fedited by Barry Smart 210 $aLondon $cSAGE$d1999 215 $a1 online resource (272 p.) 300 $aDescription based upon print version of record. 311 $a1-4462-1762-0 311 $a0-7619-5518-6 320 $aIncludes bibliographical references and index. 327 $aCover; Table of Contents; 1 - Resisting McDonaldization: Theory, Process and Critique; 2 - Golden Arches and Iron Cages: McDonaldization and the Poverty of Cultural Pessimism at the End of the Twentieth Century; 3 - Have You Had Your Theory Today?; 4 - McDonaldization Enframed; 5 - Rich Food: McDonald's and Modern Life; 6 - McCitizens: Risk, Coolness and Irony in Contemporary Politics; 7 - Theme Parks and McDonaldization; 8 - The McDonaldization of Sport and Leisure; 9 - McDonalized Culture: The End of Communication? 327 $a10 - Art Centres: Southern Folk Art and the Splintering of a Hegemonic Market11 - Dennis Hopper, McDonald's and Nike; 12 - Theorizing/Resisting McDonaldization: A Multiperspectivist Approach; 13 - The Moral Malaise of McDonaldization: The Values of Vegetarianism; 14 - McFascism?: Reading Ritzer, Bauman and the Holocaust; 15 - Assessing the Resistance; Index 330 8 $aThe McDonaldization theory argued that contemporary life is succumbing to the standardisation, flexibility and predictability of fast-food service. This text engages in a critical appraisal of this thesis. 606 $aConsumer behavior 606 $aFranchises (Retail trade) 606 $aMarketing 606 $aConsumption (Economics) 606 $aCapitalism 606 $aFast food restaurants 606 $aIndustrial management 608 $aElectronic books. 615 0$aConsumer behavior. 615 0$aFranchises (Retail trade) 615 0$aMarketing. 615 0$aConsumption (Economics) 615 0$aCapitalism. 615 0$aFast food restaurants. 615 0$aIndustrial management. 676 $a303.48/2 701 $aSmart$b Barry$0144620 801 0$bStDuBDS 801 1$bStDuBDS 906 $aBOOK 912 $a9910457975203321 996 $aResisting McDonaldization$92452174 997 $aUNINA LEADER 01371nas 2200445 c 450 001 9910265247803321 005 20251012104148.0 024 7 $a10.1111/(ISSN)1745-9125 024 8 $aHein-crim 035 $a(DE-599)ZDB2246113-9 035 $a(OCoLC)723635738 035 $a(DE-101)980777542 035 $a(CKB)3840000000000063 035 $a(EXLCZ)993840000000000063 100 $a20060807b19631970 |y | 101 0 $aeng 135 $aur||||||||||| 181 $ctxt$2rdacontent 182 $cc$2rdamedia 183 $acr$2rdacarrier 200 00$aCriminologica$ean interdisciplinary journal of criminology$fpubl. for the American Society of Criminology by the Criminal Law, Education and Research Center, New York University School of Law 210 31$aBuffalo, NY$cHeinOnline$d1963-1970 210 31$aNew York, NY$c[Verlag nicht ermittelbar]$d1963-1970 215 $aOnline-Ressource 300 $aGesehen am 31.01.12 311 08$a0590-0921 608 $aZeitschrift$2gnd-content 676 $a340 686 $aINTRECHT$qDE-1a$2fid 686 $aKRIM$qDE-21$2fid 686 $a2$a2,1$2ssgn 686 $aPH 1000$2rvk 712 02$aAmerican Society of Criminology$4isb 801 0$b0001 801 1$bDE-101 801 2$b9999 906 $aJOURNAL 912 $a9910265247803321 996 $aCriminologica$92001276 997 $aUNINA